Statistiques concernant Culture générale - Quiz #17

Cliquez ici pour prendre le quiz!

Statistiques générales

  • Ce quiz a été pris 13 935 fois
  • Le résultat moyen est 10 sur 20

Statistiques - réponses

QuestionRéponse% Correct
Quel type d'objet est Mjöllnir, l'arme de Thor ?Un marteau
95%
Quel sportif espagnol surnomme-t-on "Rafa" ?Rafael Nadal
80%
Quel pays d'Amérique du Sud est le dernier dans l'ordre alphabétique ?Le Venezuela
67%
Quel type de coiffure portait Bob Marley ?Des dreadlocks
65%
Quelle espèce de requin est la plus grande espèce de poisson au monde ?Le requin-baleine
57%
Dans la mythologie grecque, de quoi Gaïa, mère des Titans, était-elle la déesse ?La Terre
56%
Quel avion de ligne supersonique a été développé conjointement par des sociétés française et britannique ?Le Concorde
55%
Comment appelle-t-on des mots qui ont la même prononciation, mais pas la même orthographe ?Des homophones
53%
Quel pays abrite environ 40% des musulmans chiites dans le monde ?L'Iran
50%
Quel océan est considéré comme le cinquième, après l'Atlantique, le Pacifique, l'Indien et l'Arctique ?L'océan Austral
50%
Dans quel pays se trouve le lac Baïkal ?La Russie
46%
Quel suffixe désigne l'étude ou la science d'un sujet ?-logie
45%
Qui est l'actuel premier prince de Galles ?William de Galles
45%
Quel arbre figure sur le drapeau du Liban, pays dont il est le symbole ?Le cèdre
44%
Quelle boisson alcoolisée est produite par fermentation du miel ?L'hydromel
34%
Quelle tessiture vocale y a t-il entre ténor et basse ?Baryton
30%
Quelle fête chrétienne se situe juste avant le début de la période de jeûne du Carême ?Mardi gras
30%
Quel département français est le plus méridional ?La Réunion
26%
Quel instrument les sous-marins utilisent-ils pour voir au-dessus de l'eau lorsqu'ils sont immergés ?Un périscope
20%
Quel personnage biblique aurait vécu jusqu'à 969 ans ?Mathusalem
18%

Distribution des résultats

Percentile par nombre de réponses

% des personnes avec chaque résultat

Votre développement - résultats

Vous n’avez pas pris ce quiz